Az első hun nyelvemlék a szeged-nagyszéksósi hun felirat megfejtése /
Elmentve itt :
| Szerző: | |
|---|---|
| Dokumentumtípus: | Cikk |
| Megjelent: |
1936
|
| Sorozat: | Népünk és nyelvünk
8 |
| Kulcsszavak: | Nyelvtudomány |
| Online Access: | http://acta.bibl.u-szeged.hu/19945 |
| LEADER | 00598nab a2200169 i 4500 | ||
|---|---|---|---|
| 001 | acta19945 | ||
| 005 | 20210712093000.0 | ||
| 008 | 161015s1936 hu o 0|| hun d | ||
| 040 | |a SZTE Egyetemi Kiadványok Repozitórium |b hun | ||
| 041 | |a hun | ||
| 100 | 1 | |a Mészáros Gyula | |
| 245 | 1 | 3 | |a Az első hun nyelvemlék |h [elektronikus dokumentum] : |b a szeged-nagyszéksósi hun felirat megfejtése / |c Mészáros Gyula |
| 260 | |c 1936 | ||
| 300 | |a 1-12 | ||
| 490 | 0 | |a Népünk és nyelvünk |v 8 | |
| 695 | |a Nyelvtudomány | ||
| 856 | 4 | 0 | |u http://acta.bibl.u-szeged.hu/19945/1/nepunk_008_001-012.pdf |z Dokumentum-elérés |